Tottenham Hotspur Squad 2018-2019 - Statistics

General Stats
  • This quiz has been taken 49 times
  • The average score is 23 of 28
Answer Stats
# Position Nation Player % Correct
7 FW South Korea Heung-min Son
100%
1 GK France Hugo Lloris
100%
5 DF Belgium Jan Vertonghen
100%
6 DF Colombia Davinson Sánchez
98%
10 FW England Harry Kane
98%
4 DF Belgium Toby Alderweireld
98%
27 FW Brazil Lucas Moura
95%
33 DF Wales Ben Davies
93%
- Coach Argentina Mauricio Pochettino
93%
23 MF Denmark Christian Eriksen
90%
3 DF England Danny Rose
88%
2 DF England Kieran Trippier
88%
11 FW Argentina Erik Lamela
85%
19 MF Belgium Mousa Dembélé
85%
12 MF Kenya Victor Wanyama
85%
8 MF England Harry Winks
83%
17 MF France Moussa Sissoko
80%
24 DF Ivory Coast Serge Aurier
80%
15 MF England Eric Dier
78%
18 FW Spain Fernando Llorente
78%
20 MF England Dele Alli
76%
13 GK Netherlands Michel Vorm
73%
9 FW Netherlands Vincent Janssen
63%
21 DF Argentina Juan Foyth
61%
52 MF England Oliver Skipp
61%
22 GK Argentina Paulo Gazzaniga
59%
14 FW Cameroon Georges-Kévin N'Koudou
37%
16 DF England Kyle Walker-Peters
34%
No matching quizzes found
Score Distribution
Percent of People with Each Score
Percentile by Number Answered
Your Score History
You have not taken this quiz